| 000 | 00916nam a2200253 a 4500 | ||
|---|---|---|---|
| 999 |
_c436878 _d436878 |
||
| 003 | BLK | ||
| 005 | 20250801132821.0 | ||
| 008 | 181218b bu ||||| |||| 00| 0 bu d | ||
| 020 | _a9789545276491 | ||
| 040 | _aBLK | ||
| 041 |
_aBUL _cBUL |
||
| 080 |
_aФинландска литература _b821.511.111 _x-93-343 _z821.511.111-93-343 |
||
| 100 |
_91299 _aКунас, Маури _eпърви автор |
||
| 139 |
_aКунас, Маури _bК 93 |
||
| 245 |
_aНевероятната книга за космоса _bМаури Кунас; прев. Росица Цветанова |
||
| 257 | _aFIN | ||
| 260 |
_9209515 _aСофия _bДамян Яков _c2021 |
||
| 300 |
_a52 с. _bс цв. ил. _c28 см |
||
| 380 | _aDX | ||
| 700 |
_9350431 _aЦветанова, Росица _eпрев. |
||
| 852 |
_aЦб ІІ 30998 _bЦб |
||
| 942 |
_cKNG _n0 _062 _s1 |
||
| 944 |
_k30543 _lИва Цветкова |
||